|
|
|
|
| LEADER |
00000nab a2200000 ar4500 |
| 001 |
vtls008418083 |
| 003 |
SK-MaSNL |
| 005 |
20260303070040.0 |
| 008 |
051213c2005 xo mr|p|||||||000 b|slo |
| 015 |
|
|
|a SNBRB2005/12
|2 snkbucl
|
| 038 |
|
|
|a SNKBUCL
|
| 040 |
|
|
|a SNKBUCL
|b slo
|c SNKBUCL
|e AACR2
|
| 041 |
0 |
|
|a slo
|
| 044 |
|
|
|a xo
|c SK
|
| 080 |
|
|
|a 004.491.22
|x (048)
|2 UDC-MRF-SK2
|
| 080 |
|
|
|a 82.09:821.162.4-9
|x (048)
|2 UDC-MRF-SK2
|
| 080 |
|
|
|a 821.162.4-9
|x (048)
|2 UDC-MRF-SK2
|
| 100 |
1 |
|
|a Ruttkayová, Ivica,
|d 1963-
|4 aut
|9 192963
|
| 245 |
1 |
0 |
|a Minulosť našej budúcnosti
|c Ivica Ruttkayová
|
| 650 |
0 |
7 |
|a počítačové vírusy
|x príbehy
|2 snkbucl
|9 1066968
|
| 650 |
0 |
7 |
|a úvahy, slovenské
|x recenzie
|2 snkbucl
|9 888937
|
| 655 |
|
7 |
|a recenzie
|2 snkbucl
|9 21907
|
| 773 |
0 |
|
|t Knižná revue
|g Roč. XV, č. 19 (2005), s. 5
|x 1210-1982
|
| 787 |
0 |
8 |
|i Rec.:
|a Gyárfáš, František, 1954-
|t Tichí spoločníci
|d Bratislava : Slovart, 2005
|z 8080850186
|
| 852 |
|
|
|a SNK
|b KIS3GCP
|
| 958 |
|
|
|a LX
|
| 958 |
|
|
|a RC
|
| 999 |
|
|
|c 1753693
|d 1755623
|